[Event "Dortmund Sparkassen op-B 51st"]
[Site "Dortmund"]
[Date "2024.??.??"]
[Round "7"]
[White "Omar, Mawloud"]
[Black "Arnz, Tom Niklas"]
[Result "0-1"]
[WhiteElo "1960"]
[BlackElo "1830"]
[PlyCount "64"]
[EventDate "2024.08.10"]
[EventType "swiss"]
[EventRounds "9"]
[EventCountry "GER"]
[SourceTitle "CBM 221 Extra"]
[Source "ChessBase"]
[SourceDate "2024.09.30"]
[SourceVersion "1"]
[SourceVersionDate "2024.09.30"]
[SourceQuality "1"]

1. e4 e6 2. d3 d5 3. Nd2 Nf6 4. Ngf3 b6 5. g3 dxe4 6. dxe4 Bb7 7. Bg2 Nxe4 8. Ne5 Nxf2 9. Bxb7 Nxd1 10. Kxd1 Bd6 11. Bxa8 Bxe5 12. Be4 0-0 13. Ke2 Nd7 14. Rd1 Qe7 15. Nf3 Bf6 16. c3 Ne5 17. Nxe5 Bxe5 18. Be3 Bd6 19. b4 f5 20. Bc6 e5 21. Kd2 f4 22. gxf4 exf4 23. Bd4 f3 24. Kc2 f2 25. Bd5+ Kh8 26. Rf1 c5 27. bxc5 bxc5 28. Bxf2 Qe2+ 29. Kb3 Rxf2 30. Bc4 Qb2+ 31. Ka4 Qxc3 32. Rh1 Qe5 0-1

[Event "ALG-chT"]
[Site "Oran"]
[Date "2017.09.19"]
[Round "4.2"]
[White "Omar, Mawloud"]
[Black "Saim, Mohamed Ilias"]
[Result "0-1"]
[WhiteElo "1957"]
[BlackElo "2109"]
[PlyCount "70"]
[EventDate "2017.09.18"]
[EventType "team-swiss"]
[EventRounds "9"]
[EventCountry "ALG"]
[SourceTitle "CBM 180 Extra"]
[Source "ChessBase"]
[SourceDate "2017.10.06"]
[SourceVersion "1"]
[SourceVersionDate "2017.10.06"]
[SourceQuality "1"]
[WhiteTeam "CFA"]
[BlackTeam "El Hillal"]
[WhiteTeamCountry "ALG"]
[BlackTeamCountry "ALG"]

1. d4 Nf6 2. Bf4 g6 3. Nf3 Bg7 4. e3 d6 5. h3 0-0 6. c3 Nbd7 7. Bc4 Qe8 8. 0-0 e5 9. Bh2 Qe7 10. Na3 a6 11. Qe2 b5 12. Bb3 Bb7 13. Nc2 c5 14. a4 c4 15. Ba2 Ne4 16. a5 Kh8 17. Nb4 f5 18. Bb1 Ng5 19. Nxg5 Qxg5 20. f4 Qe7 21. Qf2 Rae8 22. Bc2 Bf6 23. Rfe1 Qd8 24. Bg3 h6 25. Qd2 Bg7 26. dxe5 dxe5 27. Rad1 Rf7 28. fxe5 Bxe5 29. Bxe5+ Rxe5 30. Qd6 Qg5 31. Rd2 Kh7 32. Rde2 Rfe7 33. Qd4 Rxe3 34. h4 Qg3 35. Nd5 Rxe2 0-1

[Event "ALG-chT"]
[Site "Algiers"]
[Date "2013.08.22"]
[Round "3.3"]
[White "Omar, Mawloud"]
[Black "Sebih, Kamel"]
[Result "1/2-1/2"]
[WhiteElo "2009"]
[BlackElo "2241"]
[PlyCount "50"]
[EventDate "2013.08.21"]
[EventType "team-swiss"]
[EventRounds "9"]
[EventCountry "ALG"]
[SourceTitle "CBM 156 Extra"]
[Source "ChessBase"]
[SourceDate "2013.10.22"]
[SourceVersion "1"]
[SourceVersionDate "2013.10.22"]
[SourceQuality "1"]
[WhiteTeam "Bejaia BCE"]
[BlackTeam "Alger ASSN"]
[WhiteTeamCountry "ALG"]
[BlackTeamCountry "ALG"]

1. e4 c5 2. Nc3 Nc6 3. g3 g6 4. Bg2 Bg7 5. d3 d6 6. Be3 Nf6 7. h3 Bd7 8. Qd2 a6 9. f4 Qb6 10. Nd1 e5 11. c3 Qc7 12. Ne2 Qa5 13. 0-0 Ng8 14. f5 gxf5 15. exf5 h5 16. Nf2 f6 17. a3 Nce7 18. Ne4 Qc7 19. g4 hxg4 20. hxg4 Nd5 21. d4 Nxe3 22. Qxe3 Bf8 23. b4 cxb4 24. cxb4 Qb6 25. Rfd1 Ba4 1/2-1/2

[Event "Bejaia op 1st"]
[Site "Bejaia"]
[Date "2012.??.??"]
[Round "5"]
[White "Ioualalen, Lotfi"]
[Black "Omar, Mawloud"]
[Result "1-0"]
[WhiteElo "2106"]
[BlackElo "2022"]
[PlyCount "41"]
[EventDate "2012.12.26"]
[EventType "swiss"]
[EventRounds "9"]
[EventCountry "ALG"]
[SourceTitle "CBM 152 Extra"]
[Source "ChessBase"]
[SourceDate "2013.02.25"]
[SourceVersion "1"]
[SourceVersionDate "2013.02.25"]
[SourceQuality "1"]

1. d4 Nf6 2. c4 e6 3. g3 Bb4+ 4. Bd2 Qe7 5. Nf3 Nc6 6. Nc3 Bxc3 7. Bxc3 Ne4 8. Rc1 d5 9. Qb3 0-0 10. Bg2 Nxc3 11. Qxc3 Nb4 12. Qb3 Rd8 13. 0-0 c6 14. a3 Na6 15. Rfe1 Nc7 16. e4 b6 17. cxd5 cxd5 18. Qc3 Nb5 19. Qd3 dxe4 20. Rxe4 Bb7 21. Rh4 1-0